[Event "Pattaya op"]
[Site "Pattaya"]
[Date "2019.10.28"]
[Round "7"]
[White "Ishii, Ichiro"]
[Black "Wettasinha, Vasanta"]
[Result "1/2-1/2"]
[WhiteElo "1902"]
[BlackElo "1583"]
[PlyCount "66"]
[EventDate "2019.10.23"]
[EventType "swiss"]
[EventRounds "9"]
[EventCountry "THA"]
[SourceTitle "CBM 195 Extra"]
[Source "ChessBase"]
[SourceDate "2020.05.31"]
[SourceVersion "1"]
[SourceVersionDate "2020.05.31"]
[SourceQuality "1"]

1. d4 c5 2. d5 f5 3. c4 Nf6 4. Nc3 d6 5. Bg5 e5 6. dxe6 Bxe6 7. e4 Be7 8. exf5 Bxf5 9. Nf3 Qd7 10. Be2 0-0 11. 0-0 Nc6 12. Qd2 Ne4 13. Qd5+ Kh8 14. Nxe4 Nb4 15. Nxc5 Qe8 16. Qxb7 Bxg5 17. Nxg5 dxc5 18. Bd1 h6 19. Nf3 Be4 20. Qc7 Nd3 21. Nd2 Bc6 22. Bf3 Bxf3 23. Nxf3 Nf4 24. Ne5 Rc8 25. Qd6 Qh5 26. Rae1 Rf6 27. Qd7 Rcf8 28. Qg4 Qxg4 29. Nxg4 Rg6 30. Ne3 Nh3+ 31. Kh1 Nxf2+ 32. Kg1 Nh3+ 33. Kh1 Nf2+ 1/2-1/2

[Event "Pattaya op"]
[Site "Pattaya"]
[Date "2019.10.25"]
[Round "4"]
[White "Wettasinha, Vasanta"]
[Black "Wangthumboon, Patawee"]
[Result "1/2-1/2"]
[WhiteElo "1583"]
[BlackElo "1218"]
[PlyCount "132"]
[EventDate "2019.10.23"]
[EventType "swiss"]
[EventRounds "9"]
[EventCountry "THA"]
[SourceTitle "CBM 195 Extra"]
[Source "ChessBase"]
[SourceDate "2020.05.31"]
[SourceVersion "1"]
[SourceVersionDate "2020.05.31"]
[SourceQuality "1"]

1. d4 Nf6 2. Nc3 d5 3. Bg5 e6 4. e4 dxe4 5. Nxe4 Be7 6. Nxf6+ Bxf6 7. Bxf6 Qxf6 8. Nf3 0-0 9. c3 b6 10. Bd3 Bb7 11. Qc2 h6 12. Be4 Bxe4 13. Qxe4 Nd7 14. Qc6 Qd8 15. 0-0 Nf6 16. Rfe1 Qd6 17. Qc4 Nd5 18. g3 Rfc8 19. a3 c5 20. Rad1 cxd4 21. Qxd4 Qc5 22. Qxc5 Rxc5 23. Rd4 Rac8 24. Nd2 b5 25. Kg2 Nb6 26. Ne4 Rd5 27. Rxd5 Nxd5 28. Rd1 a6 29. Rd4 Kf8 30. a4 Ke7 31. axb5 axb5 32. Nd2 Rd8 33. Nb3 e5 34. Re4 f6 35. Nd4 Ra8 36. Nxb5 Ra2 37. Re2 Nb6 38. Kf3 Kd7 39. b3 Rxe2 40. Kxe2 Kc6 41. c4 Kc5 42. Kd3 Kb4 43. Kc2 Nd7 44. Nc3 Nb6 45. Ne4 Nd7 46. h4 g5 47. h5 f5 48. Nd6 f4 49. Ne4 fxg3 50. fxg3 g4 51. Kd3 Kxb3 52. c5 Nb8 53. Nf6 Kb4 54. Ke4 Kxc5 55. Nxg4 Kd6 56. Nxh6 Ke6 57. Nf5 Kf6 58. h6 Nd7 59. g4 Nf8 60. Ne3 Kg5 61. Nf5 Kxg4 62. Kxe5 Kg5 63. Ke4 Ng6 64. h7 Nh8 65. Ke5 Kg6 66. Ke4 Kxh7 1/2-1/2

[Event "Pattaya op"]
[Site "Pattaya"]
[Date "2019.10.24"]
[Round "2"]
[White "Wettasinha, Vasanta"]
[Black "Nisban, Cyrus"]
[Result "0-1"]
[WhiteElo "1583"]
[BlackElo "1649"]
[PlyCount "108"]
[EventDate "2019.10.23"]
[EventType "swiss"]
[EventRounds "9"]
[EventCountry "THA"]
[SourceTitle "CBM 195 Extra"]
[Source "ChessBase"]
[SourceDate "2020.05.31"]
[SourceVersion "1"]
[SourceVersionDate "2020.05.31"]
[SourceQuality "1"]

1. d4 Nf6 2. Nc3 d5 3. Bg5 Nbd7 4. f3 c5 5. e4 dxe4 6. fxe4 Qa5 7. Bxf6 Nxf6 8. e5 Nd7 9. Bb5 cxd4 10. Qxd4 a6 11. Bxd7+ Bxd7 12. 0-0-0 Bc6 13. e6 f6 14. Nf3 g6 15. Kb1 Bg7 16. Rhe1 0-0 17. Nd5 Rfe8 18. Qb6 Qxb6 19. Nxb6 Rad8 20. Nd7 Bh6 21. Rd4 Kg7 22. Red1 Bxd7 23. Rxd7 Rb8 24. h4 Bf4 25. g4 b5 26. Nd4 Rb6 27. h5 Be5 28. hxg6 hxg6 29. Re1 Bxd4 30. Rxd4 Rd6 31. Rde4 Rc8 32. b3 Rc5 33. Kb2 Rdc6 34. R1e2 f5 35. gxf5 Rxf5 36. a3 Kf6 37. c4 Rcc5 38. cxb5 Rxb5 39. Ra4 Ra5 40. Rxa5 Rxa5 41. b4 Re5 42. Rf2+ Kxe6 43. Kb3 g5 44. a4 Kd6 45. Rc2 g4 46. Rc4 Rg5 47. Rc2 g3 48. Rg2 Kd5 49. b5 axb5 50. axb5 Ke4 51. Kc4 Kf3 52. Rb2 g2 53. Rb3+ Kf4 54. b6 g1Q 0-1

[Event "Negambo op 4th"]
[Site "Negambo"]
[Date "2018.08.18"]
[Round "6"]
[White "Wettasinha, Vasanta"]
[Black "Rodrigo, WA Gandhawa"]
[Result "1-0"]
[WhiteElo "1599"]
[BlackElo "1220"]
[PlyCount "151"]
[EventDate "2018.08.16"]
[EventType "swiss"]
[EventRounds "10"]
[EventCountry "SRI"]
[SourceTitle "CBM 186 Extra"]
[Source "ChessBase"]
[SourceDate "2018.08.24"]
[SourceVersion "1"]
[SourceVersionDate "2018.08.24"]
[SourceQuality "1"]

1. d4 d5 2. Nc3 Nf6 3. Bg5 e6 4. e3 c5 5. Nf3 Nc6 6. Be2 a6 7. 0-0 cxd4 8. exd4 Bd6 9. a3 0-0 10. Bd3 h6 11. Bxf6 Qxf6 12. Re1 Kh8 13. Bf1 Bd7 14. Qd2 Bf4 15. Qd3 Rac8 16. Rad1 Bd6 17. Rd2 Rfe8 18. Rde2 Kg8 19. Ne5 Red8 20. Re3 Bxe5 21. dxe5 Qg5 22. Rg3 Qf4 23. Rf3 Qg5 24. Qe2 Nd4 25. Qd1 Nxf3+ 26. Qxf3 Bc6 27. Bd3 d4 28. Ne4 Qxe5 29. Re2 Kf8 30. Qh3 Qf4 31. Nd2 Ba4 32. g3 Qg5 33. f4 Qd5 34. Re5 Qa2 35. f5 Bxc2 36. fxe6 Qa1+ 37. Bf1 fxe6 38. Qxe6 Re8 39. Qd6+ Kg8 40. Qxd4 Qd1 41. Rd5 Re1 42. Rd7 Rxf1+ 43. Nxf1 Qxd4+ 44. Rxd4 Ba4 45. Rxa4 Rc5 46. Rd4 Rc7 47. b4 Kf7 48. Kf2 Rc2+ 49. Nd2 Rc7 50. a4 Ke6 51. h4 b6 52. Rc4 Rxc4 53. Nxc4 b5 54. axb5 axb5 55. Na3 Kd5 56. Ke3 g6 57. g4 g5 58. h5 Kc6 59. Kd4 Kb6 60. Nc2 Kc6 61. Ne3 Kd6 62. Nf5+ Ke6 63. Nxh6 Kf6 64. Nf5 Kf7 65. Nd6+ Ke6 66. Nxb5 Kf6 67. Nd6 Ke6 68. h6 Kf6 69. Nf5 Kg6 70. b5 Kh7 71. b6 Kg6 72. b7 Kf6 73. b8Q Ke6 74. Qd6+ Kf7 75. Qe7+ Kg8 76. Qg7# 1-0

[Event "SRI-chB"]
[Site "Colombo"]
[Date "2018.03.01"]
[Round "2"]
[White "Wettasinha, Vasanta"]
[Black "Liyanage, Ranindu Dilshan"]
[Result "1/2-1/2"]
[WhiteElo "1710"]
[BlackElo "1971"]
[PlyCount "104"]
[EventDate "2018.03.01"]
[EventType "swiss"]
[EventRounds "10"]
[EventCountry "SRI"]
[SourceTitle "EXT 2019"]
[Source "ChessBase"]
[SourceDate "2018.10.10"]
[SourceVersion "1"]
[SourceVersionDate "2018.10.10"]
[SourceQuality "1"]

1. d4 Nf6 2. Nc3 d5 3. Bg5 Nbd7 4. Qd3 e6 5. e4 dxe4 6. Nxe4 Be7 7. Nxf6+ Nxf6 8. Nf3 a6 9. Be2 Nd5 10. Bd2 b5 11. 0-0 Bb7 12. a4 bxa4 13. Rxa4 0-0 14. Ne5 f6 15. Nf3 c5 16. c4 Qd7 17. Ra5 Nc7 18. Bc3 Rad8 19. Rd1 Qc6 20. Qe3 cxd4 21. Rxd4 e5 22. Rg4 Ne6 23. Nxe5 fxe5 24. Rxe5 Rf6 25. Qg3 Bd6 26. Rxe6 Bxg3 27. Rxc6 Bxf2+ 28. Kf1 Rf7 29. Rf6 Rdf8 30. Rxf7 Rxf7 31. Bf3 Bb6 32. Ke2 Re7+ 33. Kd2 Rd7+ 34. Kc2 Bxf3 35. gxf3 Bc7 36. h4 Rf7 37. h5 Kf8 38. Bb4+ Ke8 39. Bc3 Kf8 40. Bb4+ Ke8 41. Kd2 Bd8 42. c5 Rxf3 43. Rxg7 Rf2+ 44. Kd3 Rxb2 45. Kc4 Rh2 46. Rxh7 Rh4+ 47. Kb3 Rh3+ 48. Kc2 Be7 49. Rh8+ Kf7 50. h6 a5 51. Bxa5 Bxc5 52. h7 Bf8 1/2-1/2

[Event "Al Ain op 4th"]
[Site "Al Ain"]
[Date "2015.12.28"]
[Round "7"]
[White "Ammar, Sedrani"]
[Black "Wettasinha, Vasanta"]
[Result "1-0"]
[WhiteElo "1573"]
[BlackElo "1858"]
[PlyCount "69"]
[EventDate "2015.12.23"]
[EventType "swiss"]
[EventRounds "9"]
[EventCountry "UAE"]
[SourceTitle "CBM 170 Extra"]
[Source "ChessBase"]
[SourceDate "2016.02.25"]
[SourceVersion "1"]
[SourceVersionDate "2016.02.25"]
[SourceQuality "1"]

1. d4 Nf6 2. Nf3 c5 3. d5 e6 4. Nc3 exd5 5. Nxd5 c4 6. e4 Bc5 7. Bxc4 Nxe4 8. Qe2 0-0 9. Be3 Bxe3 10. Nxe3 Re8 11. 0-0 d6 12. Bd5 Nf6 13. Qc4 Nxd5 14. Qxd5 Nc6 15. Rfd1 Qf6 16. c3 Be6 17. Qxd6 Rad8 18. Qc7 Rxd1+ 19. Rxd1 Bxa2 20. Qxb7 g5 21. Qd7 Rd8 22. Qg4 Rxd1+ 23. Nxd1 h6 24. h4 Be6 25. Qe4 Bf5 26. Qe8+ Kg7 27. hxg5 hxg5 28. Ne3 g4 29. Nd2 Ne5 30. Qa4 Bg6 31. Nd5 Qe6 32. Qd4 f6 33. Qxa7+ Kh6 34. Nf4 Qf5 35. Qe3 1-0

[Event "Hastings Masters op 90th"]
[Site "Hastings"]
[Date "2015.01.04"]
[Round "7"]
[White "Larsen, Andreas"]
[Black "Wettasinha, Vasanta"]
[Result "0-1"]
[WhiteElo "2010"]
[BlackElo "1761"]
[PlyCount "72"]
[EventDate "2014.12.29"]
[EventType "swiss"]
[EventRounds "9"]
[EventCountry "ENG"]
[SourceTitle "CBM 164 Extra"]
[Source "ChessBase"]
[SourceDate "2015.03.02"]
[SourceVersion "1"]
[SourceVersionDate "2015.03.02"]
[SourceQuality "1"]

1. e4 c5 2. Nc3 g6 3. f4 Bg7 4. Nf3 Nc6 5. Bc4 e6 6. 0-0 Nge7 7. Qe1 0-0 8. d3 d5 9. Bb3 Na5 10. Qh4 Nxb3 11. axb3 Nc6 12. Qf2 Nd4 13. Ra4 Nxf3+ 14. Qxf3 b5 15. Nxb5 Bd7 16. Nc3 Bxa4 17. Nxa4 Rc8 18. Kh1 c4 19. bxc4 dxc4 20. f5 exf5 21. exf5 Re8 22. dxc4 Qh4 23. b3 Re1 24. Bd2 Rxf1+ 25. Qxf1 Be5 26. g3 Qe4+ 27. Qg2 Qxc2 28. Bc3 Qxf5 29. Bxe5 Qxe5 30. Qb7 Rd8 31. Qf3 Qe1+ 32. Kg2 Rd2+ 33. Kh3 Qe6+ 34. g4 Qd6 35. Kh4 Rxh2+ 36. Kg5 h6# 0-1

[Event "Hastings Masters op 90th"]
[Site "Hastings"]
[Date "2015.01.04"]
[Round "8"]
[White "Wettasinha, Vasanta"]
[Black "Rolvag, Mikael"]
[Result "1/2-1/2"]
[WhiteElo "1761"]
[BlackElo "2191"]
[PlyCount "96"]
[EventDate "2014.12.29"]
[EventType "swiss"]
[EventRounds "9"]
[EventCountry "ENG"]
[SourceTitle "CBM 164 Extra"]
[Source "ChessBase"]
[SourceDate "2015.03.02"]
[SourceVersion "1"]
[SourceVersionDate "2015.03.02"]
[SourceQuality "1"]

1. e4 c5 2. Nf3 Nc6 3. d4 cxd4 4. Nxd4 g6 5. c4 Nf6 6. Nc3 d6 7. Be2 Nxd4 8. Qxd4 Bg7 9. Bg5 0-0 10. f3 Be6 11. Qd2 Qa5 12. Nd5 Qxd2+ 13. Kxd2 Bxd5 14. cxd5 Rfc8 15. Rac1 Kf8 16. Rxc8+ Rxc8 17. Rc1 Rxc1 18. Kxc1 Ke8 19. Be3 a6 20. a4 Nd7 21. Kc2 Kd8 22. b4 Kc7 23. a5 Be5 24. f4 Bg7 25. g4 h6 26. h4 Ba1 27. Kd3 f6 28. Bd4 Bxd4 29. Kxd4 g5 30. hxg5 hxg5 31. fxg5 fxg5 32. b5 axb5 33. Bxb5 Nc5 34. Be2 Kb8 35. Kc3 Nd7 36. Kd4 Ne5 37. Kc3 Ka7 38. Kb3 b6 39. axb6+ Kxb6 40. Kb4 Nd7 41. Bd1 Ne5 42. Be2 Kc7 43. Kc3 Kd7 44. Bb5+ Kd8 45. Be2 Ke8 46. Kd4 Kf7 47. Ke3 Kf6 48. Kd4 Nf7 1/2-1/2

[Event "Hastings Masters op 90th"]
[Site "Hastings"]
[Date "2015.01.03"]
[Round "6"]
[White "Wettasinha, Vasanta"]
[Black "Akshay, V Halagannavar"]
[Result "1-0"]
[WhiteElo "1761"]
[BlackElo "1881"]
[PlyCount "77"]
[EventDate "2014.12.29"]
[EventType "swiss"]
[EventRounds "9"]
[EventCountry "ENG"]
[SourceTitle "CBM 164 Extra"]
[Source "ChessBase"]
[SourceDate "2015.03.02"]
[SourceVersion "1"]
[SourceVersionDate "2015.03.02"]
[SourceQuality "1"]

1. e4 c5 2. Nf3 Nc6 3. d4 cxd4 4. Nxd4 Nf6 5. Nc3 e5 6. Ndb5 d6 7. Bg5 a6 8. Na3 b5 9. Nd5 Be7 10. Bxf6 Bxf6 11. c4 b4 12. Nc2 0-0 13. h4 a5 14. g3 Be6 15. Bh3 Bxd5 16. cxd5 Ne7 17. 0-0 g6 18. Ne3 Bg7 19. h5 f5 20. hxg6 hxg6 21. exf5 Nxf5 22. Nxf5 gxf5 23. Qh5 Qf6 24. Rac1 Ra7 25. Rc6 Bh6 26. Bxf5 Rg7 27. Be6+ Kh7 28. Qh3 e4 29. Rxd6 Kh8 30. Rc6 Rg6 31. Bg4 Qg7 32. Bf5 Rgf6 33. Bxe4 Qe7 34. Rxf6 Rxf6 35. Qc8+ Bf8 36. Qc2 Qg7 37. Kg2 Bd6 38. Rh1+ Kg8 39. Bf5 1-0

[Event "Hastings Masters op 90th"]
[Site "Hastings"]
[Date "2015.01.02"]
[Round "5"]
[White "Kyrkjebo, Marte Bakken"]
[Black "Wettasinha, Vasanta"]
[Result "0-1"]
[WhiteElo "1598"]
[BlackElo "1761"]
[PlyCount "114"]
[EventDate "2014.12.29"]
[EventType "swiss"]
[EventRounds "9"]
[EventCountry "ENG"]
[SourceTitle "CBM 164 Extra"]
[Source "ChessBase"]
[SourceDate "2015.03.02"]
[SourceVersion "1"]
[SourceVersionDate "2015.03.02"]
[SourceQuality "1"]

1. e4 c5 2. Nc3 g6 3. d4 cxd4 4. Qxd4 Nf6 5. Nf3 Nc6 6. Qa4 d6 7. e5 dxe5 8. Nxe5 Qd4 9. Nxc6 Qxa4 10. Nxa4 bxc6 11. Be3 Bg7 12. Be2 0-0 13. Bf3 Nd5 14. Bc5 Ba6 15. 0-0-0 Bb5 16. Bxd5 Bxa4 17. Bf3 Bf6 18. Rhe1 Bg5+ 19. Kb1 Rfe8 20. b3 Rab8 21. Bxa7 Rb7 22. Bd4 Bb5 23. Ka1 Rc7 24. c4 Ba6 25. Bb6 Rcc8 26. a4 Bf6+ 27. Ka2 Bb7 28. Rd7 Ba8 29. a5 c5 30. Bxa8 Rxa8 31. Ra7 Rac8 32. a6 Rc6 33. Rb7 Ra8 34. Rd1 Rxa6+ 35. Kb1 Raxb6 36. Rxb6 Rxb6 37. Kc2 Rd6 38. Rb1 Rd4 39. Re1 Kg7 40. f3 h5 41. h3 g5 42. g4 hxg4 43. hxg4 Rf4 44. Re3 e6 45. Kd2 Bd4 46. Rd3 f5 47. gxf5 exf5 48. Ke2 Kg6 49. Kd2 g4 50. fxg4 fxg4 51. Rg3 Kg5 52. Ke2 Rf2+ 53. Ke1 Rf3 54. Rg2 Rxb3 55. Rc2 Rb1+ 56. Ke2 Rb2 57. Rxb2 Bxb2 0-1

[Event "Hastings Masters op 90th"]
[Site "Hastings"]
[Date "2014.12.30"]
[Round "2"]
[White "Wettasinha, Vasanta"]
[Black "Sugden, John N"]
[Result "0-1"]
[WhiteElo "1761"]
[BlackElo "2105"]
[PlyCount "80"]
[EventDate "2014.12.29"]
[EventType "swiss"]
[EventRounds "9"]
[EventCountry "ENG"]
[SourceTitle "CBM 164 Extra"]
[Source "ChessBase"]
[SourceDate "2015.03.02"]
[SourceVersion "1"]
[SourceVersionDate "2015.03.02"]
[SourceQuality "1"]

1. d4 Nf6 2. Nc3 c5 3. d5 d6 4. e4 g6 5. Nf3 Bg7 6. Bb5+ Bd7 7. a4 0-0 8. 0-0 Na6 9. Be2 Nc7 10. Bf4 a6 11. e5 Nfe8 12. Qd2 Bg4 13. exd6 exd6 14. Bh6 Nf6 15. Bxg7 Kxg7 16. h3 Bxf3 17. Bxf3 b6 18. Qf4 Qd7 19. g4 h6 20. h4 Nh7 21. Ne4 f5 22. Nxd6 fxg4 23. Qe5+ Rf6 24. Bg2 Qxd6 25. Qc3 Kg8 26. Rad1 Re8 27. Qd3 Nf8 28. Qc4 Rf4 29. Qb3 Nd7 30. Qg3 Ref8 31. Rfe1 Ne5 32. b3 Kh7 33. Re3 Nf3+ 34. Bxf3 gxf3 35. Rxf3 Ne6 36. Re3 Ng7 37. Rde1 Nf5 38. Re6 Qxe6 39. Rxe6 Nxg3 40. fxg3 R4f6 0-1

[Event "Hastings Masters op 90th"]
[Site "Hastings"]
[Date "2014.12.29"]
[Round "1"]
[White "Wallis, Ian J"]
[Black "Wettasinha, Vasanta"]
[Result "1/2-1/2"]
[WhiteElo "2009"]
[BlackElo "1761"]
[PlyCount "160"]
[EventDate "2014.12.29"]
[EventType "swiss"]
[EventRounds "9"]
[EventCountry "ENG"]
[SourceTitle "CBM 164 Extra"]
[Source "ChessBase"]
[SourceDate "2015.03.02"]
[SourceVersion "1"]
[SourceVersionDate "2015.03.02"]
[SourceQuality "1"]

1. e4 c5 2. Nf3 g6 3. d4 cxd4 4. Nxd4 Bg7 5. Nc3 Nc6 6. Be3 Nf6 7. Bc4 Ng4 8. Qxg4 Nxd4 9. Qd1 Nc6 10. 0-0 0-0 11. Qd2 Ne5 12. Be2 d6 13. h3 Be6 14. Nd5 Bxd5 15. exd5 Qc7 16. Bd4 Rac8 17. Rfc1 Nc4 18. Qc3 Bxd4 19. Qxd4 Qb6 20. Qxb6 Nxb6 21. c4 Rc7 22. b3 Rfc8 23. Re1 a5 24. g4 Kg7 25. Kg2 Nd7 26. Rac1 b5 27. Rcd1 b4 28. Bd3 Nc5 29. Bc2 h6 30. Re3 Re8 31. f4 g5 32. Kg3 gxf4+ 33. Kxf4 e5+ 34. dxe6 Nxe6+ 35. Kg3 Rd8 36. Red3 Nc5 37. Rxd6 Re8 38. Rf1 Re2 39. Rf2 Rxc2 40. Rxc2 Ne4+ 41. Kf4 Nxd6 42. Ke5 Nb7 43. Kd5 Rc5+ 44. Kd4 Rg5 45. c5 h5 46. c6 Nd6 47. c7 hxg4 48. hxg4 Nc8 49. Rd2 Kf6 50. Ke4 Rc5 51. Rd5 Rxc7 52. Rxa5 Nd6+ 53. Kf4 Re7 54. Kf3 Re5 55. Ra6 Ke6 56. Kf4 f6 57. Ra8 Re4+ 58. Kf3 Ke5 59. Ra5+ Ke6 60. Ra6 Rd4 61. Ra5 Rd5 62. Ra4 Rb5 63. Ra8 Ke5 64. Ra6 Ne4 65. Ra8 Ng5+ 66. Ke3 Rc5 67. Ra4 Rc3+ 68. Ke2 Rc2+ 69. Kd3 Rg2 70. Rxb4 Rxa2 71. Rb5+ Ke6 72. Rb6+ Kd5 73. Rxf6 Ne6 74. Rf5+ Kd6 75. Rb5 Rg2 76. Rb4 Nc5+ 77. Kc3 Rg3+ 78. Kc2 Kd5 79. Rb5 Kc6 80. Rb4 Nxb3 1/2-1/2

[Event "London Classic op 6th"]
[Site "London"]
[Date "2014.12.08"]
[Round "1"]
[White "Wettasinha, Vasanta"]
[Black "Moore, Gerald C"]
[Result "1-0"]
[WhiteElo "1761"]
[BlackElo "2169"]
[PlyCount "75"]
[EventDate "2014.12.08"]
[EventType "swiss"]
[EventRounds "9"]
[EventCountry "ENG"]
[SourceTitle "CBM 163 Extra"]
[Source "ChessBase"]
[SourceDate "2014.12.23"]
[SourceVersion "1"]
[SourceVersionDate "2014.12.23"]
[SourceQuality "1"]

1. d4 g6 2. Nc3 Bg7 3. e4 d6 4. Nf3 a6 5. Bc4 e6 6. Bg5 Ne7 7. Qd2 h6 8. Be3 Nd7 9. 0-0 b6 10. h3 Bb7 11. Rad1 Nf6 12. e5 Nfd5 13. exd6 cxd6 14. Rfe1 Nxe3 15. Qxe3 0-0 16. d5 e5 17. Qe2 Nf5 18. Ne4 Nd4 19. Nxd4 exd4 20. Nd2 b5 21. Bb3 Qb6 22. Nf3 a5 23. a3 Qc5 24. Qd3 Bxd5 25. Bxd5 Qxd5 26. Nxd4 b4 27. a4 Rfc8 28. Re2 Kh7 29. b3 Rc3 30. Qb5 Rc5 31. Qd3 Rac8 32. Nb5 Qxd3 33. cxd3 Rd5 34. d4 Kg8 35. g3 Kf8 36. Kg2 Re8 37. Rxe8+ Kxe8 38. Nc7+ 1-0

[Event "Torquay op 48th"]
[Site "Torquay"]
[Date "2014.11.14"]
[Round "1"]
[White "Fraser, John"]
[Black "Wettasinha, Vasanta"]
[Result "1/2-1/2"]
[WhiteElo "1934"]
[BlackElo "1761"]
[PlyCount "53"]
[EventDate "2014.11.14"]
[EventType "swiss"]
[EventRounds "5"]
[EventCountry "ENG"]
[SourceTitle "EXT 2022"]
[Source "ChessBase"]
[SourceDate "2021.10.06"]
[SourceVersion "1"]
[SourceVersionDate "2021.10.06"]
[SourceQuality "1"]

1. e4 c6 2. d4 d5 3. exd5 cxd5 4. c4 Nf6 5. Nc3 Nc6 6. Nf3 g6 7. cxd5 Nxd5 8. Qb3 Nxc3 9. bxc3 Bg7 10. Be2 0-0 11. Bf4 Qa5 12. 0-0 Qf5 13. Bc7 Qe6 14. Qb2 Qd7 15. Bg3 b6 16. Rae1 Bb7 17. Bb5 a6 18. Bxc6 Qxc6 19. Rxe7 Rac8 20. Rfe1 Bf6 21. R7e3 b5 22. h4 h5 23. Qe2 Kg7 24. Qf1 Qd5 25. Qe2 Qc6 26. Qf1 Qd5 27. Qe2 1/2-1/2

[Event "Kuala Lumpur op"]
[Site "Kuala Lumpur"]
[Date "2014.04.04"]
[Round "1"]
[White "Wettasinha, Vasanta"]
[Black "Safranska, Anda"]
[Result "0-1"]
[WhiteElo "1784"]
[BlackElo "2286"]
[PlyCount "110"]
[EventDate "2014.04.04"]
[EventType "swiss"]
[EventRounds "9"]
[EventCountry "MAS"]
[SourceTitle "EXT 2015"]
[Source "ChessBase"]
[SourceDate "2014.11.20"]
[SourceVersion "1"]
[SourceVersionDate "2014.11.20"]
[SourceQuality "1"]

1. e4 c6 2. d4 g6 3. c4 Bg7 4. Nc3 d6 5. Nf3 Nf6 6. h3 0-0 7. Be2 a6 8. a4 a5 9. 0-0 Na6 10. Be3 Nb4 11. Qd2 Re8 12. Rac1 Qc7 13. Rfd1 Nd7 14. Bh6 e5 15. Bxg7 Kxg7 16. d5 c5 17. Nb5 Qb6 18. Rf1 Nf6 19. Bd3 Nh5 20. Rfe1 Qd8 21. Bf1 h6 22. g3 Rf8 23. Qe2 Nf6 24. Nd2 Ne8 25. f4 Qf6 26. Qf2 Bd7 27. fxe5 Qxe5 28. Nf3 Qe7 29. Nc3 f6 30. Re3 Nc7 31. Rce1 Rae8 32. Kh2 Na8 33. Qd2 Nb6 34. b3 Bc8 35. Bg2 Nd7 36. Nb5 Ne5 37. Nxe5 fxe5 38. R3e2 Bd7 39. Nc3 Rf6 40. Rf1 Ref8 41. Ref2 Rxf2 42. Rxf2 Rxf2 43. Qxf2 Qg5 44. Qe1 Nc2 45. Qd1 Nd4 46. Nb5 Bxb5 47. axb5 h5 48. Qe1 b6 49. h4 Qf6 50. Qe3 Kh7 51. Kg1 Qf8 52. Kh2 Qh6 53. Qf2 Kg7 54. Bh3 Qc1 55. Bg2 Nxb3 0-1

[Event "Gurgon op 1st"]
[Site "Gurgon"]
[Date "2009.01.21"]
[Round "1"]
[White "Laxman, Rajaram"]
[Black "Wettasinha, Vasanta"]
[Result "1-0"]
[WhiteElo "2478"]
[BlackElo "1929"]
[PlyCount "87"]
[EventDate "2009.01.21"]
[EventType "swiss"]
[EventRounds "10"]
[EventCountry "IND"]
[SourceTitle "CBM 128 Extra"]
[Source "ChessBase"]
[SourceDate "2009.03.05"]
[SourceVersion "2"]
[SourceVersionDate "2009.03.25"]
[SourceQuality "1"]

1. e4 c6 2. Nf3 d5 3. Nc3 Bg4 4. h3 Bxf3 5. Qxf3 e6 6. exd5 exd5 7. d4 Qf6 8. Qg4 Qe6+ 9. Qxe6+ fxe6 10. Bf4 Nd7 11. Bd3 Ngf6 12. 0-0-0 Kf7 13. a3 b5 14. Bh2 b4 15. axb4 Bxb4 16. Ne2 a5 17. c3 Be7 18. Rhe1 Rhc8 19. Ng1 c5 20. Kb1 cxd4 21. cxd4 Bb4 22. Re2 a4 23. Ka2 a3 24. b3 Rc3 25. Nf3 h6 26. Ne1 Ba5 27. f3 Rcc8 28. Rc2 Rxc2+ 29. Nxc2 Bc3 30. Bd6 e5 31. dxe5 Nxe5 32. Bb5 Ra5 33. Ba4 Ned7 34. Rd3 Bb2 35. Nxa3 Bxa3 36. Bxa3 Nb6 37. Rd4 Ke6 38. Bb4 Ra6 39. Bc3 Nfd7 40. Kb2 Ne5 41. Bb5 Ra7 42. Rd1 Kf5 43. Re1 Ng6 44. Bd3+ 1-0

[Event "East Devon op"]
[Site "Exeter"]
[Date "2007.02.25"]
[Round "4"]
[White "Dunn, Andrew M"]
[Black "Wettasinha, Vasanta"]
[Result "0-1"]
[WhiteElo "1848"]
[BlackElo "1704"]
[PlyCount "80"]
[EventDate "2007.02.23"]
[EventType "swiss"]
[EventRounds "5"]
[EventCountry "ENG"]
[SourceTitle "CBM 117 Extra"]
[Source "ChessBase"]
[SourceDate "2007.05.09"]
[SourceVersion "1"]
[SourceVersionDate "2007.05.09"]
[SourceQuality "1"]

1. Nc3 c5 2. Nf3 Nf6 3. d4 cxd4 4. Nxd4 g6 5. Bg5 Bg7 6. Qd2 h6 7. Bxf6 Bxf6 8. Nd5 Bg7 9. Nb5 Na6 10. g3 0-0 11. Bg2 d6 12. 0-0 Bd7 13. Nbc3 Bc6 14. e4 Rc8 15. Rad1 Nc7 16. Ne3 b5 17. b4 Ne6 18. Ne2 Qc7 19. g4 Qb7 20. Nd5 Rfe8 21. f4 Nf8 22. f5 Bxd5 23. exd5 Qb6+ 24. Kh1 Rc4 25. h3 Rec8 26. Nf4 Rxc2 27. Qe1 g5 28. Nh5 Be5 29. f6 e6 30. dxe6 Nxe6 31. Rf5 Rxa2 32. Rxe5 dxe5 33. Bd5 Ra3 34. Bxe6 Qxe6 35. Qf1 Qc6+ 36. Kg1 Qc4 37. Qg2 Qxb4 38. h4 Qc5+ 39. Kh1 Rc3 40. hxg5 Rc1 0-1

[Event "East Devon op"]
[Site "Exeter"]
[Date "2007.02.25"]
[Round "5"]
[White "Wettasinha, Vasanta"]
[Black "Bartlett, Simon"]
[Result "0-1"]
[WhiteElo "1704"]
[BlackElo "1800"]
[PlyCount "38"]
[EventDate "2007.02.23"]
[EventType "swiss"]
[EventRounds "5"]
[EventCountry "ENG"]
[SourceTitle "CBM 117 Extra"]
[Source "ChessBase"]
[SourceDate "2007.05.09"]
[SourceVersion "1"]
[SourceVersionDate "2007.05.09"]
[SourceQuality "1"]

1. Nf3 Nf6 2. d4 g6 3. c4 Bg7 4. Nc3 d5 5. Qb3 dxc4 6. Qxc4 0-0 7. e4 a6 8. a4 b5 9. Qc5 Bb7 10. axb5 Nxe4 11. Nxe4 Bxe4 12. bxa6 Bxf3 13. gxf3 Bxd4 14. Qg5 Qd6 15. Qb5 Nc6 16. Ra4 Rfb8 17. Qe2 Nb4 18. Qd2 c5 19. b3 Qe6+ 0-1